00729nam a22001697a 4500020001600000082001000016100002600026245009000052260003600142300002600178650004700204700004200251856005700293942001300350999001900363952017700382 qHard Cover. a670.5 aSaeed, MuhammadHamad. aInvestigation on the Micromilling of Titanium allyos Ti6A14V /cMuhammad Hamad Saeed. aIslamabad:bSMME - NUST,c2019. a29 p. : ill. ;c30cm. aDesign and Manufacturing MS-Thesis.925728 aDr. Syed Husain Imran Jaffery.925729 uhttp://10.250.8.41:8080/xmlui/handle/123456789/12443 2ddccTHE c532303d532303 00102ddc40709491650aCLbCLcTHEd2019-11-18o670.5pCL-T-2563r2019-11-18w2019-11-18xMinute Sheet No. 0929/02/CL/Survey/5 dated 23rd April 2024 E-MIN ID 114741 yTHE